Cantiamo Maria (Lp Sm 30.18) (Record n. 99694)

Dettagli MARC
000 -LEADER
fixed length control field 03057njm a2200529Ia 4500
001 - CONTROL NUMBER
control field 20673
003 - CONTROL NUMBER IDENTIFIER
control field IT-RoPAU
005 - DATE AND TIME OF LATEST TRANSACTION
control field 20220918181120.0
008 - FIXED-LENGTH DATA ELEMENTS--GENERAL INFORMATION
fixed length control field 131025s9999 xx 000 0 und d
040 ## - CATALOGING SOURCE
Original cataloging agency IT-RoPAU
040 ## - CATALOGING SOURCE
Transcribing agency IT-RoPAU
041 ## - LANGUAGE CODE
Language code of text/sound track or separate title ITALIANO
999 ## - SYSTEM CONTROL NUMBERS (KOHA)
Koha Dewey Subclass [OBSOLETE] n.d.
100 ## - MAIN ENTRY--PERSONAL NAME
Personal name AA.VV.
9 (RLIN) 794
100 ## - MAIN ENTRY--PERSONAL NAME
Relator term Autore musica
9 (RLIN) 2520
100 ## - MAIN ENTRY--PERSONAL NAME
Miscellaneous information Codice autore musica SPICS: 12000
9 (RLIN) 796
245 ## - TITLE STATEMENT
Title Cantiamo Maria (Lp Sm 30.18)
250 ## - EDITION STATEMENT
Edition statement 1a ed.
260 ## - PUBLICATION, DISTRIBUTION, ETC. (IMPRINT)
Place of publication, distribution, etc. ALBANO
260 ## - PUBLICATION, DISTRIBUTION, ETC. (IMPRINT)
Name of publisher, distributor, etc. EP - MUSICALI E DISCOGRAFICHE
300 ## - PHYSICAL DESCRIPTION
Extent DISCO
500 ## - GENERAL NOTE
General note Canti dei Festival de "La Rosa d'oro". Omaggio a Maria SS e al suo rosario. Musica religiosa
505 ## - FORMATTED CONTENTS NOTE
Formatted contents note E le bastavo io - Preghiera a Maria - Ave Maria - Camminare affiancati - Tanto amore - Passio Christi - Sia fatta la tua volontà - Maria speranza del mondo - Vergin Maria - Madre della semplicità - Solitudine (Primo mistero doloroso) - Salve Maria - Alleluia
511 ## - PARTICIPANT OR PERFORMER NOTE
Participant or performer note Lotito Patrizia e Coro
511 ## - PARTICIPANT OR PERFORMER NOTE
Participant or performer note Tiego Athos - Gallian Carlo e Coro
511 ## - PARTICIPANT OR PERFORMER NOTE
Participant or performer note Tiego Athos - Gallian Carlo
511 ## - PARTICIPANT OR PERFORMER NOTE
Participant or performer note Monica Silvano e Coro
511 ## - PARTICIPANT OR PERFORMER NOTE
Participant or performer note Tiego Athos e Coro
511 ## - PARTICIPANT OR PERFORMER NOTE
Participant or performer note Lotito Patrizia - Guandalini Bruno e Coro
511 ## - PARTICIPANT OR PERFORMER NOTE
Participant or performer note Gallian Carlo e Coro
650 ## - SUBJECT ADDED ENTRY--TOPICAL TERM
Topical term or geographic name as entry element RELIGIOSO [DISCHI]
Relator term Codice MATERIA SPICS: 9950
9 (RLIN) 791
700 ## - ADDED ENTRY--PERSONAL NAME
Personal name Giovani Amici del Rosario (G.A.R.)
Miscellaneous information Codice Autore SPICS: 10924
Relator term Autore
9 (RLIN) 2522
700 ## - ADDED ENTRY--PERSONAL NAME
Personal name Gallian Carlo
Miscellaneous information Codice autore testo/musica SPICS: 22969
Relator term Autore testo/musica
Name of part/section of a work E le bastavo io - Sia fatta la tua volontà - Vergin Maria - Madre della semplicità
9 (RLIN) 2523
700 ## - ADDED ENTRY--PERSONAL NAME
Personal name Felisatti M.
Miscellaneous information Codice autore musica SPICS: 22970
Relator term Autore musica
Name of part/section of a work Preghiera a Maria
9 (RLIN) 2524
700 ## - ADDED ENTRY--PERSONAL NAME
Personal name Guidorzi S.
Miscellaneous information Codice autore SPICS: 22971
Relator term Autore
Name of part/section of a work Preghiera a Maria
9 (RLIN) 2525
700 ## - ADDED ENTRY--PERSONAL NAME
Personal name Caselli G.
Miscellaneous information Codice autore testo/musica SPICS: 22972
Relator term Autore testo/musica
Name of part/section of a work Preghiera a Maria
9 (RLIN) 2526
700 ## - ADDED ENTRY--PERSONAL NAME
Personal name Sammaritani M.
Miscellaneous information Codice autore testo/musica SPICS: 22973
Relator term Autore testo/musica
Name of part/section of a work Ave Maria
9 (RLIN) 2527
700 ## - ADDED ENTRY--PERSONAL NAME
Personal name Lodi Delia
Miscellaneous information Codice autore musica SPICS: 13507
Relator term Autore musica
Name of part/section of a work Camminare affiancati - Tanto amore
9 (RLIN) 2528
700 ## - ADDED ENTRY--PERSONAL NAME
Personal name Barigozzi M.
Miscellaneous information Codice autore testo/musica SPICS: 22974
Relator term Autore testo/musica
Name of part/section of a work Camminare affiancati - Tanto amore
9 (RLIN) 2529
700 ## - ADDED ENTRY--PERSONAL NAME
Personal name Monica Silvano
Miscellaneous information Codice autore testo/musica SPICS: 22975
Relator term Autore testo/musica
Name of part/section of a work Passio Christi
9 (RLIN) 2530
700 ## - ADDED ENTRY--PERSONAL NAME
Personal name Staid E.
Miscellaneous information Codice autore musica SPICS: 22976
Relator term Autore musica
Name of part/section of a work Sia fatta la tua volontà - Maria speranza del mondo - Solitudine (Primo mistero doloroso) - Salve Maria - Alleluia
9 (RLIN) 2531
700 ## - ADDED ENTRY--PERSONAL NAME
Personal name Zanichelli S.
Miscellaneous information Codice autore testo/musica SPICS: 22977
Relator term Autore testo/musica
Name of part/section of a work Maria speranza del mondo
9 (RLIN) 2532
700 ## - ADDED ENTRY--PERSONAL NAME
Personal name Suffritti Giovanni
Miscellaneous information Codice autore testo/musica SPICS: 22978
Relator term Autore testo/musica
Name of part/section of a work Solitudine (Primo mistero doloroso) - Salve Maria
9 (RLIN) 2533
700 ## - ADDED ENTRY--PERSONAL NAME
Personal name Bopp Franz
Miscellaneous information Codice autore testo/musica SPICS: 20969
Relator term Autore testo/musica
Name of part/section of a work Alleluia
9 (RLIN) 2534
700 ## - ADDED ENTRY--PERSONAL NAME
Personal name De Simoni M.
Miscellaneous information Codice autore SPICS: 22979
Relator term Autore
Name of part/section of a work Salve Maria
9 (RLIN) 2535
942 ## - ADDED ENTRY ELEMENTS (KOHA)
Koha item type DISCHI
Source of classification or shelving scheme Dewey Decimal Classification
Dati di copia
Withdrawn status Lost status Damaged status Not for loan Home library Current library Date acquired Total Checkouts Full call number Date last seen Price effective from Koha item type Public note
    Buone Condizioni Not For Loan SPICS-MEDIATECA SPICS-MEDIATECA 25/10/2013   20673 25/10/2013 25/10/2013 DISCHI Progr. Ins.: 3979 / N.Vol.: 1 / Copie: 1 - Copia rara: n.d. / date import: 01.01.2014 - By Epidotti, Trombetti, Vaglietti
CREDITS: SOCIETA' SAN PAOLO Via A.Severo, 58 - ROMA (RM) & PERIODICI SAN PAOLO SRL Via Giotto, 36 MILANO & CISF Via Giotto, 36 MILANO & EDIZIONI SAN PAOLO SRL,  Piazza Soncino, 5 CINISELLO BALSAMO (MI) -- ITALY